000 00300nam a22001337a 4500
008 170606b xxu||||| |||| 00| 0 eng d
020 _a9780981240503
041 _aeng
080 _a94
100 _a18
101 _aSHH
245 _aA PEOPLE'S HISTORY OF QUEBEC
_cLACOURSIERE,J
942 _2udc
_cBK
999 _c16139
_d16139